Splash, the dolphin /
Two youngsters visit Marine Land where they learn that dolphins are intelligent and friendly creatures.
| Main Author: | |
|---|---|
| Other Authors: | , , |
| Format: | Book |
| Language: | English French |
| Published: |
Minneapolis, Minn. :
Carolrhoda Books,
1976.
|
| Series: | Animal friends books.
|
| Subjects: |
MARC
| Tag | First Indicator | Second Indicator | Subfields |
|---|---|---|---|
| LEADER | 00000cam a2200000 a 4500 | ||
| 001 | in00000092294 | ||
| 005 | 20150923132044.0 | ||
| 008 | 760616s1976 mnua j 00010 engm | ||
| 010 | |a 76001218 | ||
| 020 | |a 0876140614 (lib. bdg.) | ||
| 035 | |a (OCoLC)02317885 | ||
| 035 | |9 AAK7377AM | ||
| 040 | |a DLC |c DLC |d m.c. |d TXA |d UtOrBLW | ||
| 041 | 1 | |a eng |a fre | |
| 049 | |a [Curr Col] TXAM |c [388664] | ||
| 050 | 0 | 0 | |a QL795 D7 |b O9 1976 |
| 082 | 0 | |a 599/.53 | |
| 100 | 1 | |a Bix, Cynthia Overbeck. | |
| 245 | 1 | 0 | |a Splash, the dolphin / |c [rev. English text] by Cynthia Overbeck ; [original French text by Jean Saint Gem ; translation by Dyan Hammarberg ; photographs by J. Dumont and others, drawings by L'Enc Matte]. |
| 264 | 1 | |a Minneapolis, Minn. : |b Carolrhoda Books, |c 1976. | |
| 300 | |a 24 unnumbered pages : |b illustrations (some color) ; |c 23 cm. | ||
| 336 | |a text |b txt |2 rdacontent | ||
| 337 | |a unmediated |b n |2 rdamedia | ||
| 338 | |a volume |b nc |2 rdacarrier | ||
| 490 | 1 | |a The Animal friends books | |
| 500 | |a Original edition published under title: Splash le dauphin. | ||
| 520 | |a Two youngsters visit Marine Land where they learn that dolphins are intelligent and friendly creatures. | ||
| 650 | 0 | |a Dolphins |v Juvenile literature. | |
| 650 | 1 | |a Dolphins. | |
| 700 | 1 | |a Saint Gem, Jean. |t Splash le dauphin. | |
| 700 | 1 | |a Dumont, Jacques, |d 1946- | |
| 700 | 1 | |a Matte, L'Enc. | |
| 830 | 0 | |a Animal friends books. | |
| 999 | |a MARS | ||
| 999 | f | f | |s 8bdae975-4aa9-3d0e-a55b-27599ef0513e |i 88870c84-75d0-3c1b-868f-671ba66e419d |t 0 |
| 952 | f | f | |p normal |a Texas A&M University |b College Station |c Sterling C. Evans Library |d Evans: Curriculum Collection (4th floor) |t 0 |e QL795 D7 O9 1976 |h Library of Congress classification |i unmediated -- volume |m A14806006271 |
| 998 | f | f | |a QL795 D7 O9 1976 |t 0 |l Evans: Curriculum Collection (4th floor) |